Front office: Operations and management (Record no. 140221)

MARC details
000 -LEADER
fixed length control field 00378nam a2200145Ia 4500
008 - FIXED-LENGTH DATA ELEMENTS--GENERAL INFORMATION
fixed length control field 230917s9999||||xx |||||||||||||| ||und||
040 ## - CATALOGING SOURCE
-- 159957
Original cataloging agency VIVEKANANDA LIBRARY
041 ## - Language
-- English
082 ## - DDC NUMBER
Classification number 647.94068 I5F
100 ## - MAIN ENTRY--PERSONAL NAME
Personal name Ismail, Ahmed
245 #0 - TITLE STATEMENT
Title Front office: Operations and management
260 ## - PUBLICATION, DISTRIBUTION, ETC. (IMPRINT)
Place of publication, distribution, etc New Delhi
Name of publisher, distributor, etc Delmar Cengage Learning
Date of publication, distribution, etc 2002
300 ## - PHYSICAL DESCRIPTION
Pages 355 p.
942 ## - ADDED ENTRY ELEMENTS (KOHA)
Koha item type Books
Holdings
Withdrawn status Lost status Damaged status Not for loan Location (home branch) Sublocation or collection (holding branch) Shelving location Date acquired Koha issues (times borrowed) Koha full call number Accession No. Koha date last seen Koha item type
        VIVEKANANDA LIBRARY VIVEKANANDA LIBRARY IHTM Library 18/10/2010   647.94068 I5F 244090 17/09/2023 Books
        VIVEKANANDA LIBRARY VIVEKANANDA LIBRARY IHTM Library 18/10/2010   647.94068 I5F 244091 17/09/2023 Books
        VIVEKANANDA LIBRARY VIVEKANANDA LIBRARY IHTM Library 18/10/2010   647.94068 I5F 244092 17/09/2023 Books
        VIVEKANANDA LIBRARY VIVEKANANDA LIBRARY IHTM Library 18/10/2010 1 647.94068 I5F 302070 10/04/2024 Books
        VIVEKANANDA LIBRARY VIVEKANANDA LIBRARY IHTM Library 18/10/2010   647.94068 I5F 302071 17/09/2023 Books
        VIVEKANANDA LIBRARY VIVEKANANDA LIBRARY IHTM Library 18/10/2010 1 647.94068 I5F 302072 07/05/2025 Books
        VIVEKANANDA LIBRARY VIVEKANANDA LIBRARY IHTM Library 18/10/2010   647.94068 I5F 302073 17/09/2023 Books
        VIVEKANANDA LIBRARY VIVEKANANDA LIBRARY IHTM Library 18/10/2010   647.94068 I5F 302074 17/09/2023 Books
        VIVEKANANDA LIBRARY VIVEKANANDA LIBRARY IHTM Library 18/10/2010   647.94068 I5F 302075 17/09/2023 Books
        VIVEKANANDA LIBRARY VIVEKANANDA LIBRARY IHTM Library 18/10/2010   647.94068 I5F 302076 17/09/2023 Books
        VIVEKANANDA LIBRARY VIVEKANANDA LIBRARY IHTM Library 18/10/2010   647.94068 I5F 302077 17/09/2023 Books
© Designed and Maintained by Vivekananda Library, MDU Rohtak